| 000 | 01625nam a22004337a 4500 | ||
|---|---|---|---|
| 001 | 4000964 | ||
| 003 | OSt | ||
| 005 | 20210426101700.0 | ||
| 008 | 961211s1998 enk b 001 0 eng | ||
| 010 | _a 96053430 | ||
| 020 | _a0521591023 | ||
| 020 | _a0521597129 (pbk.) | ||
| 040 |
_aDLC _cDLC _dDLC _beng |
||
| 041 | _aeng | ||
| 050 | 0 | 0 |
_aP40.5.L28 _bE63 1998 |
| 080 |
_a811 _bG-80 |
||
| 082 | 0 | 0 |
_a408/.9 _221 |
| 100 |
_9803 _aGrenoble, A. Lenore _eEditor |
||
| 245 | 0 | 0 |
_aEndangered languages : _blanguage loss and community response / _c/ by: Cambridge University Press |
| 260 |
_aCambridge [England] ; _aNew York _bCambridge University Press _c1998. |
||
| 300 |
_axvi, 361 p. ill, _c24 cm. |
||
| 504 | _aIncludes bibliographical references and (p. 329-347) indexes. | ||
| 650 | 0 | _aLanguage attrition. | |
| 650 | 0 |
_aLinguistics _9445 |
|
| 650 | 0 | _aLanguage maintenance. | |
| 650 | 0 | _aLinguistic change. | |
| 650 | 0 | _aLinguistic minorities. | |
| 650 | 0 | _aSociolinguistics. | |
| 653 | _aლინგვისტიკა | ||
| 653 | _aენის ცვლილება | ||
| 653 | _aმცირე ენები | ||
| 700 | 1 |
_aGrenoble, Lenore A. _eEditor |
|
| 700 | 1 |
_aWhaley, Lindsay J. _eEditor |
|
| 856 | 4 | 1 |
_3Table of contents _uhttp://www.loc.gov/catdir/toc/cam023/96053430.html |
| 856 | 4 | 2 |
_3Publisher description _uhttp://www.loc.gov/catdir/description/cam028/96053430.html |
| 906 |
_a7 _bcbc _corignew _d1 _eocip _f19 _gy-gencatlg |
||
| 942 |
_2udc _cBK |
||
| 999 |
_c1243 _d1243 |
||